Biblioteca

Un apóstol de los pobres : Beato Francisco Faá de Bruno / Jesús Octavio Quintero (Registro nro. 32081)

Detalles MARC
000 -LÍDER
Campo fijo de descripción fija 008750000a22002050004500
041 0# - CÓDIGO DE IDIOMA
Código de idioma para texto/pista de sonido o título separado
082 04 - NÚMERO DE CLASIFICACIÓN DECIMAL DEWEY
Número de clasificación G 078 Q78a
001 - NÚMERO DE CONTROL
Campo de control 569
100 1# - ASIENTO PRINCIPAL--NOMBRE PERSONAL
Nombre personal Quintero, Jesús Octavio
245 10 - TÍTULO
Título del Material Un apóstol de los pobres : Beato Francisco Faá de Bruno / Jesús Octavio Quintero
250 ## - MENCIÓN DE EDICIÓN
Mención de edición 2
260 ## - PUBLICACIÓN, DISTRIBUCIÓN, ETC. (PIE DE IMPRENTA)
Lugar de publicación, distribución, etc. Colombia : Paulinas
300 ## - DESCRIPCIÓN FÍSICA
Extensión 59 Pag.
336 ## - CONTENT TYPE
Content type term texto
Content type code txt
Source rdacontent
337 ## - MEDIA TYPE
Source rdamedia
Media type term sin mediación
Media type code n
338 ## - CARRIER TYPE
Source rdacarrier
Carrier type term volumen
Carrier type code nc
505 00 - NOTA DE CONTENIDO
Nota de contenido con formato preestablecido Francisco Faá de Bruno -- una nueva experiencia -- feliz regreso -- otra vez en parís -- un laico apóstol -- la ciencia del servicio de la caridad -- fundador de instituciones educativas -- se hace camino al andar --Francisco Faá arquitecto -- fundador -- sacerdote -- hacia la plenitud de la vida en Dios -- los santos no mueren
650 14 - ASIENTO SECUNDARIO DE MATERIA - TERMINO TEMÁTICO
Término temático o nombre geográfico como elemento de entrada IGLESIA CATOLICA - BIOGRAFIAS
942 ## - TIPO DE MATERIAL (KOHA)
Tipo de Item KOHA Libros General
Existencias
Estado de Material Estado de Perdido Estado de Dañado No para Préstamo Colección Tomo Biblioteca de Origen Biblioteca Permanente Fecha de Adquisición Total de Préstamos Signatura Topográfica Código de Barras Última vez visto Ejemplar/Existencia Fecha de Remplazo Tipo de Material
        Colección General   Biblioteca FUSBC Biblioteca FUSBC 17/09/2004   G 078 Q78a 13693 12/12/2019 1 26/01/2016 Libros General

Biblioteca FUSBC | Teléfono: (57+4) 349 88 10 Ext. 141| WhatsApp (+57) 3005338115 
E-mail: biblioteca@unisbc.edu.co | Calle 76 87-14 Robledo Palenque, Medellín, Colombia

Con tecnología Koha